|
|
|
|
| LEADER |
01063nam a2200301 a 4500 |
| 001 |
7694 |
| 003 |
BD-DhAAL |
| 005 |
20150711194402.0 |
| 008 |
150711r19991998nyub 000 1 eng |
| 010 |
|
|
|a 99019151
|
| 020 |
|
|
|a 0747259720
|
| 020 |
|
|
|a 0312205600
|
| 040 |
|
|
|a DLC
|c DLC
|d DLC
|d OCoLC
|d DLC
|d BD-DhAAL
|
| 050 |
0 |
0 |
|a PR6054.O37
|b M35 1999
|
| 082 |
0 |
0 |
|a 823/.914
|2 21
|
| 100 |
1 |
|
|a Doherty, P. C.
|9 13118
|
| 245 |
1 |
4 |
|a The mask of Ra /
|c Paul Doherty.
|
| 260 |
|
|
|a New York :
|a London :
|b St. Martin's Press,
|b Headline Book,
|c c1998.
|
| 300 |
|
|
|a 321 p. :
|b map ;
|c 18 cm.
|
| 541 |
|
|
|e 7794
|
| 650 |
|
0 |
|a Judges
|v Fiction.
|9 13119
|
| 650 |
|
0 |
|a Amerotke (Fictitious character)
|v Fiction.
|9 13120
|
| 651 |
|
0 |
|a Egypt
|x History
|y To 332 B.C.
|v Fiction.
|9 13121
|
| 655 |
|
7 |
|a Historical fiction.
|2 gsafd
|9 5668
|
| 655 |
|
7 |
|a Mystery fiction.
|2 gsafd
|9 6244
|
| 942 |
|
|
|2 ddc
|c BK
|
| 999 |
|
|
|c 35038
|d 35038
|
| 952 |
|
|
|0 0
|1 0
|2 ddc
|4 0
|6 823_914000000000000_DOH
|7 0
|9 54918
|a SCL
|b SCL
|c GEN
|d 2015-07-11
|e Gift
|l 14
|m 39
|o 823.914 DOH
|p 3020007794
|r 2023-07-09
|s 2023-05-28
|t 1
|w 2015-07-11
|y BK
|